Title in the Lyrics - P!nk Songs - Statistics

General Stats
  • This quiz has been taken 53 times
  • The average score is 15 of 30
Answer Stats
Song Lyric % Correct
Where there is a flame / Someone's bound to get burned / But just because it burns / Doesn't mean you're gonna die / You've gotta get up and {try}, and {try}, and {try}
94%
{Just} {give} {me} {a} {reason} / Just a little bit's enough / Just a second we're not broken just bent / And we can learn to love again
85%
So, {so} {what}? / I'm still a rock star / I got my rock moves / And I don't need you / And guess what? / I'm having more fun
85%
Oh {what} {about} {us}? / What about all the plans that ended in disaster? / What about love? What about trust?
79%
I think of what the world could be / A vision of the one I see / {A} {million} {dreams} is all it's gonna take
70%
Pretty, pretty please / Don't you ever, ever feel / Like you're less than / Less than {perfect} / Pretty, pretty please / If you ever, ever feel Like you're nothing / You are {perfect} / To me
70%
Don't be fancy, just get dancy / Why so serious? / So {raise} {your} {glass} if you are wrong / In all the right ways, all my underdogs
66%
I'll be your connection to the party line / I'm comin' up, so you better {get} {this} {party} {started} / (I'm comin' up, I'm comin')
62%
{Just} {like} {fire}, burnin' up the way / If I could light the world up for just one day / Watch this madness, colorful charade
60%
This used to be a {funhouse} / But now it's full of evil clowns / It's time to start the countdown / I'm gonna burn it down down down
57%
I think I've finally had enough, I think I maybe think too much / I think this might be it for us ({blow} {me} {one} {last} {kiss})
53%
Close your eyes and leave it all behind / Go where love is on our side / It's a {trustfall}, baby
51%
Get me through another day / {Cover} {me} {in} {sunshine} / Shower me with good times / Tell me that the world's been spinning since the beginning / And everything will be alright
51%
Gitchie, gitchie, ya-ya, here, ooh, yeah, yeah / Mocha Chocolata, ya-ya (Yeah, yeah) / Creole {Lady} {Marmalade}, uh
51%
Ooh / {Walk} {me} {home} in the dead of night / 'Cause I can't be alone with all that's on my mind / Say you'll stay with me tonight / 'Cause there is so much wrong going on
51%
But why do I feel this party's over? / No pain inside / You're my protection / But how do I feel this good {sober}?
47%
To the middle of my frustrated fears / And I swear you're {just} {like} {a} {pill} / Instead of makin' me better / You keep makin' me ill
47%
I'm a hazard to myself / {Don}'{t} {let} {me} {get} {me} / I'm my own worst enemy / It's bad when you annoy yourself / So irritating
43%
There's nothing, no nothing, nothing but you / My perfect rock bottom / My {beautiful} {trauma} / My love, my love, my drug, oh
43%
Dive right into the pain / Stay unfiltered and loud / You'll be proud of that skin full of scars / That's {all} {I} {know} {so} {far}
38%
Is there a place you go / To watch the sunset and oh / Is there a song you just can't wait to share? / Yeah I know you'll tell me {when} {I} {get} {there}
36%
That last kiss, I'll cherish until we meet again / And time makes it harder, I wish I could remember / But I keep your memory, you visit me in my sleep / My darling, {who} {knew}?
36%
Let's play pretend, act like it goes naturally / In our {family} {portrait} we look pretty happy / We look pretty normal, let's go back to that
34%
I'm {never} {gonna} {not} {dance} {again} / Oh, I just wanna pop and lock to my records / Take off all of my clothes
32%
Da da da da da / {Please}, {don}'{t} {leave} {me} / I always say how I don't need you / But it's always gonna come right back to this
28%
I don't wanna be a {stupid} {girl} ({Stupid} {girls}) / Baby, if I act like that (Baby, if I act like that) / Flippin' my blonde hair back (Flippin' my blonde hair back)
28%
Like Leo in The Revenant / Abel in that Bible bit / {Revenge} is sweet, isn't it? / Really, really hope for it / I know that it won't fix a thing
28%
{There} {you} {go}, looking pitiful / Just because I let you go / {There} {you} {go}, talking 'bout you want me back
26%
You tried to take me / But I knew all along / You can take me / For a ride / I'm not a fool out / So you better run and hide / I'm {trouble}
15%
Don't know if you notice / Sometimes I close my eyes / And dream I'm somewhere else / {Anywhere} {away} {from} {here}
13%
No matching quizzes found
Score Distribution
Percent of People with Each Score
Percentile by Number Answered
Your Score History
You have not taken this quiz